Statistics for 2022 Emmy Nominees

Click here to take the quiz!

General Stats

  • This quiz has been taken 27 times
  • The average score is 18 of 32

Answer Stats

CategoryPremiere YearAnswer% Correct
Drama Series2018Succession
95%
Comedy Series2020Ted Lasso
89%
Comedy Series2021Abbott Elementary
79%
Drama Series2015Better Call Saul
74%
Drama Series2021Squid Game
74%
Comedy Series2018Barry
68%
Limited Series2021The White Lotus
68%
Drama Series2021Yellowjackets
68%
Comedy Series2021Hacks
63%
Competition Program2009RuPaul's Drag Race
63%
Drama Series2022Severance
63%
Talk Series2015The Late Show with Stephen Colbert
63%
Comedy Series2017The Marvelous Mrs. Maisel
63%
Limited Series2021Dopesick
58%
Drama Series2019Euphoria
58%
Talk Series2014Last Week Tonight with John Oliver
58%
Drama Series2017Ozark
58%
Competition Program2011The Voice
58%
Comedy Series2000Curb Your Enthusiasm
53%
Comedy Series2021Only Murders in the Building
53%
Drama Series2016Stranger Things
53%
Talk Series2003Jimmy Kimmel Live!
47%
Competition Program2001The Amazing Race
47%
Limited Series2022The Dropout
47%
Limited Series2022Inventing Anna
42%
Limited Series2021Pam & Tommy
42%
Talk Series2014Late Night with Seth Meyers
37%
Competition Program2022Lizzo's Watch Out for the Big Grrrls
32%
Talk Series2015The Daily Show with Trevor Noah
32%
Comedy Series2019What We Do in the Shadows
32%
Competition Program2006Top Chef
21%
Competition Program2018Nailed It!
16%

Score Distribution

Percentile by Number Answered

Percent of People with Each Score

Your Score History

You have not taken this quiz